Lễ hội truyền thống tiêu biểu Hải Phòng

Khái quát chung về lễ hội truyền thống ở Hải Phòng; Giới thiệu những lễ hội truyền thống tiêu biểu ở Hải Phòng như: Hội làng An Biên, hội thi hoa thủy tiên ở đền Nghè, hội du xuân về chùa Mỹ Cụ, hội đánh đu xuân ở Thủy Nguyên, hội...

সম্পূর্ণ বিবরণ

সংরক্ষণ করুন:
গ্রন্থ-পঞ্জীর বিবরন
প্রধান লেখক: Trịnh, Minh Hiên
বিন্যাস: গ্রন্থ
ভাষা:Undetermined
প্রকাশিত: Hà Nội Thanh Niên 2011
বিষয়গুলি:
ট্যাগগুলো: ট্যাগ যুক্ত করুন
কোনো ট্যাগ নেই, প্রথমজন হিসাবে ট্যাগ করুন!
Thư viện lưu trữ: Trung tâm Học liệu Trường Đại học Cần Thơ
LEADER 01030nam a2200205Ia 4500
001 CTU_169682
008 210402s9999 xx 000 0 und d
082 |a 394.26959735 
082 |b H305 
100 |a Trịnh, Minh Hiên 
245 0 |a Lễ hội truyền thống tiêu biểu Hải Phòng 
245 0 |c Trịnh Minh Hiên (Chủ biên) 
260 |a Hà Nội 
260 |b Thanh Niên 
260 |c 2011 
520 |a Khái quát chung về lễ hội truyền thống ở Hải Phòng; Giới thiệu những lễ hội truyền thống tiêu biểu ở Hải Phòng như: Hội làng An Biên, hội thi hoa thủy tiên ở đền Nghè, hội du xuân về chùa Mỹ Cụ, hội đánh đu xuân ở Thủy Nguyên, hội làng Dưỡng Động,... 
650 |a Lễ hội dân gian,Folk festivals 
650 |z Việt Nam,Vietnam 
904 |i Huệ, Hải 
980 |a Trung tâm Học liệu Trường Đại học Cần Thơ